اثر اسنخدام استراتيجية مدعمة بالالعاب الالكترونية على تحصيل طلبة الصف الخامس الاساسي وخفض القلق الرياضي لديهم في الاردن= The Effect of using a strategy supported by electronic games on the achievement of the fifth grade students and decreasing their mathematical anxiety in jordon / (Record no. 29420)
[ view plain ]
| 000 -LEADER | |
|---|---|
| fixed length control field | 01434nam a2200241Ii 4500 |
| 003 - CONTROL NUMBER IDENTIFIER | |
| control field | JO-AjNU |
| 005 - DATE AND TIME OF LATEST TRANSACTION | |
| control field | 20240630103116.0 |
| 008 - FIXED-LENGTH DATA ELEMENTS--GENERAL INFORMATION | |
| fixed length control field | 230605s9999||||xx |||||||||||||| ||und|| |
| 040 ## - CATALOGING SOURCE | |
| Original cataloging agency | JO-AjNU |
| Language of cataloging | ara |
| Description conventions | rda |
| Transcribing agency | JO-AjNU |
| 041 ## - LANGUAGE CODE | |
| Language code of text/sound track or separate title | ara |
| 050 14 - LIBRARY OF CONGRESS CALL NUMBER | |
| Classification number | LB1029 2017 |
| 100 #1 - MAIN ENTRY--PERSONAL NAME | |
| Personal name | النمر، خديجة نمر محمد |
| Relator term | معد |
| 9 (RLIN) | 65927 |
| 245 00 - TITLE STATEMENT | |
| Title | اثر اسنخدام استراتيجية مدعمة بالالعاب الالكترونية على تحصيل طلبة الصف الخامس الاساسي وخفض القلق الرياضي لديهم في الاردن= The Effect of using a strategy supported by electronic games on the achievement of the fifth grade students and decreasing their mathematical anxiety in jordon / |
| Statement of responsibility, etc. | اعداد خديجة نمر محمد ؛ إشراف احمد محمد الدويري |
| 260 ## - PUBLICATION, DISTRIBUTION, ETC. | |
| Date of publication, distribution, etc. | 2017 |
| 300 ## - PHYSICAL DESCRIPTION | |
| Extent | 124ورقة |
| 336 ## - CONTENT TYPE | |
| Content type term | text |
| Content type code | txt |
| Source | rdacontent |
| 337 ## - MEDIA TYPE | |
| Media type term | unmediated |
| Media type code | n |
| Source | rdamedia |
| 338 ## - CARRIER TYPE | |
| Carrier type term | volume |
| Carrier type code | nc |
| Source | rdacarrier |
| 500 ## - GENERAL NOTE | |
| General note | رسالة جامعية (ماجستير في مناهج الرياضيات واساليب التدريس )--جامعة ال البيت، كلية العلوم التربوية(المفرق)، 2017، يشتمل على جداول توضيحية |
| 650 #4 - SUBJECT ADDED ENTRY--TOPICAL TERM | |
| Topical term or geographic name entry element | الرياضيات - الالعاب التعليمية - طرق التدريس - الاردن |
| 9 (RLIN) | 57660 |
| 700 #1 - ADDED ENTRY--PERSONAL NAME | |
| Personal name | الدويري، احمد محمد |
| 9 (RLIN) | 65928 |
| 942 ## - ADDED ENTRY ELEMENTS (KOHA) | |
| Source of classification or shelving scheme | Library of Congress Classification |
| Koha item type | Thesis |
| Withdrawn status | Lost status | Source of classification or shelving scheme | Damaged status | Not for loan | Home library | Current library | Shelving location | Date acquired | Total Checkouts | Full call number | Barcode | Date last seen | Price effective from | Koha item type |
|---|---|---|---|---|---|---|---|---|---|---|---|---|---|---|
| Library of Congress Classification | مكتبة جامعة عجلون الوطنية | مكتبة جامعة عجلون الوطنية | المراجع | 30/06/2024 | LB1029 2017 | A25852 | 06/06/2023 | 30/06/2024 | Thesis |